| 000 | 02098cam a22004094i 4500 | ||
|---|---|---|---|
| 003 | PE-LiUPU | ||
| 005 | 20250731173143.0 | ||
| 008 | 150623s r 000 0 d | ||
| 035 | _a(Sirsi) a27641 | ||
| 040 |
_aPE-LiUPU _bspa _cPE-LiUPU _erda |
||
| 082 | 0 | 4 |
_a220.63 _bT48 _221 |
| 100 | 1 |
_aThomas, Robert L., _eautor. |
|
| 245 | 1 | 0 |
_aEvangelical Hermeneutics / _cRobert L. Thomas. |
| 264 | 1 |
_aWashington : _bKregel Academic & Professional, _c2002. |
|
| 300 |
_a524 páginas : _bilustraciones tablas ; _c22 cm. |
||
| 336 |
_atext _2rdacontent |
||
| 337 |
_aunmediated _2rdamedia |
||
| 338 |
_avolume _2rdacarrier |
||
| 505 | 0 | _aThe role of revisionist hermeneutics in altering interpretive principles: The origin of preunderstanding. A hermeneutical ambiguity of eschatology. Dynamic equivalence. General revelation and biblical hermeneutics. The principle of single meaning. Redrawing the line between hermeneutics and application. Modern linguistics and hermeneutics. The new testament use of the old testament. Genre overide in the gospels Genre override in revelation. The role of revisionist hermeneutics in fostering new doctrines: The hermeneutics od progressive dispensationalism. The hermeneutics of evangelical feminism. The hermeneutics of evangelical missiology. theonomy and the dating of revelation. The hermeneutics of open theism. Where do evangelicals go from here?. | |
| 526 | _aSEG42 | ||
| 526 | _aSEG41 | ||
| 526 | _aSEG40 | ||
| 526 | _aSEG39 | ||
| 526 | _aP94 | ||
| 526 | _aP87 | ||
| 526 | _aP86 | ||
| 526 | _aP85 | ||
| 526 | _aP77 | ||
| 526 | _aP76 | ||
| 526 | _aP35 | ||
| 650 | 0 | 4 | _aHermenéutica bíblica. |
| 942 |
_2ddc _cBOOK |
||
| 949 |
_a220.63 T48 _wDEWEY _c1 _i52939 _lCCODEBUL1 _mBUL _p17.00 _r0 _sY _tBOOK _u2015-06-24 _xTEOLOGIA _PP35 _0COMPRA _o.STAFF. Colección General |
||
| 596 | _a1 | ||
| 999 |
_a220.63 T48 _wDEWEY _c34802 _i52939 _d34802 _f2021-11-9 _g5 _lCCODEBUL1 _mBUL _p17.00 _q1 _r0 _sY _tBOOK _u2015-6-24 _xTEOLOGIA _PP35 _0COMPRA _o.STAFF. Colección General |
||
| 980 |
_81 _gALBERTO SANCHEZ Responsable de Automatización |
||